[Event "UKR-ch 91st"]
[Site "Poltava"]
[Date "2023.12.13"]
[Round "5"]
[White "Berin, Artem"]
[Black "Lyakh, Vasiliy"]
[Result "1-0"]
[WhiteElo "2321"]
[BlackElo "1968"]
[PlyCount "97"]
[EventDate "2023.12.09"]
[EventType "swiss"]
[EventRounds "9"]
[EventCountry "UKR"]
[SourceTitle "CB51_2023"]
[SourceDate "2023.12.20"]
[SourceVersion "1"]
[SourceVersionDate "2023.12.20"]
[SourceQuality "1"]

1. d4 d5 2. c4 e6 3. Nc3 Nf6 4. Bg5 Be7 5. e3 0-0 6. Qc2 h6 7. Bh4 Nbd7 8. cxd5 exd5 9. Bd3 c6 10. Nf3 Re8 11. 0-0 Ne4 12. Bxe4 Bxh4 13. Bh7+ Kh8 14. Bd3 Be7 15. Rae1 Bd6 16. e4 dxe4 17. Nxe4 Bb4 18. Re2 Nb6 19. Qb3 Nd5 20. Ne5 Kg8 21. Bc4 Be6 22. Bxd5 cxd5 23. Qxb4 dxe4 24. Rxe4 Bxa2 25. Re3 Bd5 26. Rg3 Qb6 27. Qd2 Rad8 28. Qf4 Bb3 29. Qg4 g6 30. Qh4 Rxd4 31. Ng4 h5 32. Nf6+ Kf8 33. Qg5 Re6 34. Qh6+ Ke7 35. Nh7 Rd8 36. Rf3 Qb5 37. g3 Qd5 38. Qf4 Re4 39. Qf6+ Ke8 40. Qc3 Rd6 41. Qxb3 Qxb3 42. Rxb3 f6 43. Rf3 Ke7 44. Rc1 h4 45. gxh4 Rb6 46. Rc7+ Kd8 47. Rg7 Rxh4 48. Nxf6 Rxb2 49. Rd7+ 1-0

[Event "UKR-ch 91st"]
[Site "Poltava"]
[Date "2023.12.12"]
[Round "4"]
[White "Lyakh, Vasiliy"]
[Black "Goroshchenko, Dmitry"]
[Result "1/2-1/2"]
[WhiteElo "1968"]
[BlackElo "2193"]
[PlyCount "64"]
[EventDate "2023.12.09"]
[EventType "swiss"]
[EventRounds "9"]
[EventCountry "UKR"]
[SourceTitle "CB51_2023"]
[SourceDate "2023.12.20"]
[SourceVersion "1"]
[SourceVersionDate "2023.12.20"]
[SourceQuality "1"]

1. d4 Nf6 2. c4 g6 3. Nc3 Bg7 4. e4 d6 5. Nf3 0-0 6. Be2 Nc6 7. 0-0 e5 8. d5 Ne7 9. Re1 h6 10. b4 a5 11. Ba3 Nd7 12. bxa5 Rxa5 13. Bb4 Ra8 14. Nd2 f5 15. Nb3 Nf6 16. exf5 gxf5 17. c5 Kh8 18. cxd6 cxd6 19. Nb5 Ne4 20. Rf1 Rf6 21. Nd2 Nxd2 22. Qxd2 f4 23. Nc3 Bf5 24. Bf3 Rg6 25. Ne4 Qd7 26. Kh1 Rg8 27. Rg1 Bf8 28. Rad1 R8g7 29. Qe2 Ng8 30. g3 fxg3 31. fxg3 Nf6 32. Nf2 Be7 1/2-1/2

[Event "UKR-ch 91st"]
[Site "Poltava"]
[Date "2023.12.10"]
[Round "2"]
[White "Pavlov, Sergey1"]
[Black "Lyakh, Vasiliy"]
[Result "1/2-1/2"]
[WhiteElo "2474"]
[BlackElo "1968"]
[PlyCount "82"]
[EventDate "2023.12.09"]
[EventType "swiss"]
[EventRounds "9"]
[EventCountry "UKR"]
[SourceTitle "CB51_2023"]
[SourceDate "2023.12.20"]
[SourceVersion "1"]
[SourceVersionDate "2023.12.20"]
[SourceQuality "1"]

1. e4 c5 2. Nf3 d6 3. d4 cxd4 4. Nxd4 Nf6 5. f3 e5 6. Nb3 d5 7. Bg5 Be6 8. Bxf6 gxf6 9. exd5 Qxd5 10. Qxd5 Bxd5 11. Nc3 Be6 12. 0-0-0 Nc6 13. Bb5 a6 14. Bxc6+ bxc6 15. Ne4 Bh6+ 16. Kb1 Ke7 17. Na5 Rhc8 18. Nc5 Be3 19. Nxe6 fxe6 20. Nc4 Ba7 21. c3 Rd8 22. Na5 Rac8 23. Rxd8 Kxd8 24. Rd1+ Kc7 25. Nc4 Rg8 26. Rd2 Bc5 27. Kc2 h5 28. Kd1 Bg1 29. h3 Bh2 30. Ke1 Bf4 31. Rd6 Rxg2 32. Rxe6 Rh2 33. Rxf6 Rxh3 34. Rf7+ Kb8 35. Rh7 h4 36. Kf2 Rh2+ 37. Kg1 h3 38. a4 Rg2+ 39. Kf1 Rg3 40. Kf2 Rg2+ 41. Kf1 Rg3 1/2-1/2

[Event "Malakhatko Memorial op"]
[Site "Chess.com INT"]
[Date "2023.06.14"]
[Round "5"]
[White "Baziuk, Vladyslav"]
[Black "Lyakh, Vasiliy"]
[Result "1/2-1/2"]
[WhiteElo "2201"]
[BlackElo "2033"]
[PlyCount "148"]
[EventDate "2023.06.14"]
[EventType "swiss (blitz)"]
[EventRounds "11"]
[EventCountry "USA"]
[SourceTitle "CBM 214 Extra"]
[Source "ChessBase"]
[SourceDate "2023.07.31"]
[SourceVersion "1"]
[SourceVersionDate "2023.07.31"]
[SourceQuality "1"]

1. e4 c5 2. Nf3 d6 3. d4 cxd4 4. Nxd4 Nf6 5. Nc3 a6 6. f3 e5 7. Nb3 Be6 8. Be3 Be7 9. Qd2 0-0 10. 0-0-0 Nbd7 11. g4 b5 12. g5 b4 13. Ne2 Nh5 14. Ng3 Nf4 15. h4 a5 16. Kb1 a4 17. Nd4 exd4 18. Bxf4 Qa5 19. Nf5 Bxf5 20. exf5 Ne5 21. f6 Bd8 22. fxg7 Re8 23. Bd3 a3 24. b3 Qc5 25. Rhe1 Bb6 26. Qg2 Qc3 27. Bc1 Rac8 28. Bf5 d3 29. Qd2 Qxd2 30. Bxd2 dxc2+ 31. Bxc2 Nxf3 32. Rxe8+ Rxe8 33. Bxb4 Nxh4 34. Bxa3 Kxg7 35. Bxd6 Be3 36. Rh1 Ng6 37. a4 Bxg5 38. a5 Rd8 39. Bc7 Rc8 40. Bb6 Ra8 41. Be4 Ra6 42. Bb7 Rxb6 43. axb6 Be3 44. Bd5 Bxb6 45. Kc2 Nf4 46. Be4 h5 47. Kc3 Kf6 48. Kc4 Ke5 49. Bc6 Bf2 50. b4 h4 51. b5 f5 52. Bd7 Ng6 53. Be8 Nf4 54. Kc3 Nd5+ 55. Kc4 Nb6+ 56. Kb4 Kf4 57. Bc6 Kg3 58. Kc3 f4 59. Kd3 f3 60. Ke4 h3 61. Kf5 h2 62. Kg5 Bg1 63. Be4 f2 64. Bd3 Kg2 65. Be4+ Kf1 66. Bd3+ Ke1 67. Kg4 f1Q 68. Bxf1 Kxf1 69. Kf3 Ke1 70. Kg3 Kd2 71. Rxh2+ Bxh2+ 72. Kxh2 Kc3 73. Kg3 Kc4 74. Kf4 Kxb5 1/2-1/2

[Event "Kyiv Spring Blitz"]
[Site "Kiev"]
[Date "2023.03.26"]
[Round "4"]
[White "Maly, Alexey"]
[Black "Lyakh, Vasiliy"]
[Result "1/2-1/2"]
[WhiteElo "2355"]
[BlackElo "1877"]
[PlyCount "97"]
[EventDate "2023.03.26"]
[EventType "swiss (blitz)"]
[EventRounds "9"]
[EventCountry "UKR"]
[SourceTitle "CBM 213 Extra"]
[Source "ChessBase"]
[SourceDate "2023.05.31"]
[SourceVersion "1"]
[SourceVersionDate "2023.05.31"]
[SourceQuality "1"]

1. d4 d5 2. c4 e6 3. Nf3 Nf6 4. e3 Be7 5. Nbd2 0-0 6. Bd3 b6 7. 0-0 Bb7 8. Qe2 Ne4 9. b3 Nd7 10. Bb2 Bf6 11. Rac1 c5 12. cxd5 exd5 13. Rfd1 Qe7 14. Ba6 Bc6 15. Nf1 g6 16. Ng3 Bg7 17. Bb5 Bxb5 18. Qxb5 Rfe8 19. Qe2 Ndf6 20. Rc2 Rad8 21. dxc5 bxc5 22. Nxe4 dxe4 23. Ne1 h5 24. Rxd8 Rxd8 25. Rd2 Rd7 26. Qd1 Qd8 27. Rxd7 Qxd7 28. Qxd7 Nxd7 29. Bxg7 Kxg7 30. Kf1 Kf6 31. Ke2 Ke5 32. Kd2 Kd5 33. Kc3 Ne5 34. h3 h4 35. Nc2 f5 36. Na3 Nd3 37. Nb5 Nxf2 38. Nxa7 g5 39. Kd2 g4 40. hxg4 fxg4 41. Ke2 Nd3 42. Nb5 Nc1+ 43. Kf2 Nxa2 44. Nc7+ Kc6 45. Ne8 Nc1 46. Nf6 Nxb3 47. Nxe4 h3 48. gxh3 gxh3 49. Nxc5 1/2-1/2

[Event "Wch U10"]
[Site "Santiago de Compostela"]
[Date "2018.11.10"]
[Round "6"]
[White "Lyakh, Vasiliy"]
[Black "Tsirilman, Guy"]
[Result "1-0"]
[WhiteElo "1363"]
[BlackElo "1813"]
[PlyCount "77"]
[EventDate "2018.11.04"]
[EventType "swiss"]
[EventRounds "11"]
[EventCountry "ESP"]
[SourceTitle "EXT 2022"]
[Source "ChessBase"]
[SourceDate "2021.10.06"]
[SourceVersion "1"]
[SourceVersionDate "2021.10.06"]
[SourceQuality "1"]

1. d4 Nf6 2. Bf4 g6 3. e3 Bg7 4. Nf3 0-0 5. Be2 d6 6. 0-0 c5 7. c3 Be6 8. Nbd2 Qb6 9. Qc2 Rc8 10. Bc4 Nd5 11. Bg3 cxd4 12. cxd4 Nc6 13. Qb3 Qxb3 14. Bxb3 Na5 15. Ba4 Nb6 16. Bb5 a6 17. Bd3 Nac4 18. b3 Nxd2 19. Nxd2 Nd5 20. Be4 Rab8 21. Bf3 Bh6 22. Rfd1 Rc2 23. Nc4 b5 24. Na3 Rb2 25. Rdb1 Rxb1+ 26. Rxb1 Nc3 27. Rb2 b4 28. Nc2 a5 29. h3 Bg7 30. Ne1 a4 31. bxa4 Bxa2 32. Nd3 b3 33. a5 Na4 34. a6 Nb6 35. Nc1 Nc4 36. a7 Rc8 37. Re2 b2 38. Rxb2 Nxb2 39. Nxa2 1-0